Hojas Península de Taitao y Puerto Aisén, región Aisén del General Carlos Ibáñez del Campo
Salvato in:
| Autori principali: | , , , |
|---|---|
| Natura: | Libro |
| Lingua: | spagnolo |
| Pubblicazione: |
Santiago
Servicio Nacional de Geología y Minería
1984
|
| Serie: | Carta Geológica de Chile, 60-61
|
| Soggetti: | |
| Tags: |
Aggiungi Tag
Nessun Tag, puoi essere il primo ad aggiungerne!!
|
MARC
| LEADER | 00000nam a2200000 a 4500 | ||
|---|---|---|---|
| 001 | UCK1436 | ||
| 003 | CL-VaPUC | ||
| 008 | 041112e19840000CL |||||||||||||||||spa|d | ||
| 082 | 0 | 4 | |a 558.3 |b NIE |2 21 |
| 100 | |a Niemeyer Rubilar, Hans |e autor |9 572619 | ||
| 700 | 0 | |a Skármeta M., Jorge |e author |9 489270 | |
| 700 | 0 | |a Fuenzalida P., Ricardo |e author |9 489271 | |
| 700 | 0 | |a Espinosa N., Walter |e author |9 489272 | |
| 245 | 1 | 0 | |a Hojas Península de Taitao y Puerto Aisén, región Aisén del General Carlos Ibáñez del Campo |
| 300 | |a 80 p | ||
| 942 | |c BK | ||
| 945 | |d 20041112 00:00:00 |a cmena | ||
| 260 | |a Santiago |b Servicio Nacional de Geología y Minería |c 1984 | ||
| 500 | |a Escala: 1:500.000 | ||
| 500 | |a Incluye 1 mapa | ||
| 650 | 7 | |a MAPAS GEOLOGICOS |2 CL-VaPUC |9 362393 | |
| 650 | 0 | |a Recursos naturales |9 255232 | |
| 650 | 7 | |a RECURSOS MINERALES |2 CL-VaPUC |9 351120 | |
| 651 | 7 | |a REGION 11 |2 CL-VaPUC |9 265556 | |
| 651 | 0 | |a Aysén |9 265657 | |
| 583 | |a last modification |c 20041112 00:00:00 |k Rodrigo Vera | ||
| 490 | 0 | |a Carta Geológica de Chile, 60-61 | |
| 999 | |c 311405 |d 311403 | ||
| 952 | |0 0 |1 0 |4 0 |6 558_300000000000000_NIE_1984 |7 0 |8 F |9 380788 |a BIBING |b BIBING |d 2019-11-21 |i 4040694 |o 558.3 NIE 1984 |p 4040694 |r 2025-01-20 |w 2019-11-21 |y BK_F |k GEO | ||